| 000 | 00404 a2200145 4500 | ||
|---|---|---|---|
| 003 | Nust | ||
| 005 | 20170207154216.0 | ||
| 040 | _cNust | ||
| 082 | _a378.4 | ||
| 245 |
_aGoldsmiths College Uni of London - UG Prospectus 1999 _cGoldsmiths College Uni of London |
||
| 260 |
_aLondon _bGoldsmiths College Uni of London _c1999 |
||
| 300 | _a176 p. | ||
| 538 | _aAlmirah No. 117 Shelf No. 1 | ||
| 650 | _aUG Prospectus | ||
| 942 |
_2ddc _cBK |
||
| 999 |
_c195093 _d195093 |
||